| 000 | 01190nam a2200349Ii 4500 | ||
|---|---|---|---|
| 001 | DIGVIETO037 | ||
| 003 | NyNyDIG | ||
| 006 | m o d | ||
| 007 | cr ||||||||||| | ||
| 008 | 130601s2011 sp o 000 0 spa d | ||
| 020 | _z9788492616992 | ||
| 020 | _z8492616997 | ||
| 035 | _a(OCoLC)888284561 | ||
| 040 |
_aDGITA _beng _epn _cDGITA |
||
| 043 | _ae-sp--- | ||
| 050 | 1 | 4 | _aJN8386 eBook |
| 100 | 1 |
_aCervera, Alfons, _d1947- |
|
| 245 | 1 | 0 |
_aGürtel & Company : _b(una serie valenciana) / _cAlfons Cervera. |
| 264 | 1 |
_a[Mataro (Barcelona)] : _bEl Viejo Topo / Ediciones de Intervención Cultural, S.L., _c2011. |
|
| 300 | _a1 online resource (219 pages) | ||
| 336 |
_atext _btxt _2rdacontent |
||
| 337 |
_acomputer _bc _2rdamedia |
||
| 338 |
_aonline resource _bcr _2rdacarrier |
||
| 650 | 0 |
_aPolitical corruption _zSpain _zValencia (Region). |
|
| 655 | 0 | _aElectronic books. | |
| 600 | 1 | 0 |
_aCamps Ortiz, Francisco, _d1962- |
| 791 | 2 |
_aDigitalia (Firm), _edistributor. |
|
| 793 | 0 |
_gDigitalia eBook Collection: _aEl Viejo Topo. |
|
| 856 | 4 | 0 |
_3Digitalia Hispánica _uhttps://www.digitaliapublishing.com/a/19390/ |
| 910 | _aPremium Collection: 2007-2012 | ||
| 942 | _cRAA | ||
| 999 |
_c236442 _d236442 |
||